Statistics for NBA Players by Letter - O

Click here to take the quiz!

General Stats

  • This quiz has been taken 14 times
  • The average score is 4 of 13

Answer Stats

TeamAnswer% Correct
PacersVictor Oladipo
80%
CavaliersCedi Osman
50%
76ersKyle O'Quinn
50%
JazzRoyce O'Neale
50%
HeatKelly Olynyk
40%
SunsKelly Oubre Jr.
40%
TimberwolvesJosh Okogie
30%
SunsElie Okobo
20%
PelicansJahlil Okafor
20%
CelticsSemi Ojeleye
20%
HeatKZ Okpala
10%
JazzMiye Oni
0%
SunsTariq Owens
0%

Score Distribution

Percentile by Number Answered

Percent of People with Each Score

Your Score History

You have not taken this quiz